000
00266nam a2200109Ia 4500
001
588910
005
20250717120839.0
008
250717s9999 xx 000 0 und d
245
0
_a
Y-7 2. BEYAZIT
_c
İSMAİL BİLGİN
260
_b
ERDEM YAYINLARI
_c
2020
300
_b
102
999
_c
588910
_d
588910